000 00597nam a2200205Ia 4500
003 GCL
008 140319s9999 xx 000 0 ara d
040 _aGCL /
_cGCL
082 0 4 _a419
_bا ن
100 1 _aانستاس الكرملى
245 1 0 _aنشوء اللغة الغربية ونموها واكتهالها /
_cانستاس الكرملى
260 _a[S.N] :
_bالمطبعة العصرية ،
_c1938
300 _a241 ص
490 _a
650 0 4 _aتاريخ
650 0 4 _aاللغة العربية
650 0 4 _aالفاظ
650 0 4 _aاللغويون
942 _2ddc
_cBK
999 _c36407
_d36407